000 00244nam a2200109Ia 4500
008 220204s9999 xx 000 0 und d
082 _a82-3
_bCOO
100 _aCook, Kenneth
245 0 _aBloodhouse
260 _aLondon
_bPan
_c1977
942 _cBK
999 _c29518
_d29518